书目信息 |
| 题名: |
中国和约旦的故事
|
|
| 作者: | 刘宝莱 著 | |
| 分册: | ||
| 出版信息: | 北京 五洲传播出版社 2017 |
|
| 页数: | 280页 | |
| 开本: | 23cm | |
| 丛书名: | “我们和你们”丛书 | |
| 单 册: | ||
| 中图分类: | D822.237.9 , D822.237 | |
| 科图分类: | ||
| 主题词: | 中外关系--友好往来--约旦 | |
| 电子资源: | ||
| ISBN: | 978-7-5085-3782-5 | |
| 000 | 01108oam2 2200265 450 | |
| 001 | 1944 | |
| 005 | 20180522155052.31 | |
| 010 | @a978-7-5085-3782-5@dCNY56.00 | |
| 100 | @a20171222d2017 em y0chiy50 ea | |
| 101 | 0 | @achi |
| 102 | @aCN@b110000 | |
| 105 | @aa z 000yy | |
| 200 | 1 | @a中国和约旦的故事@9zhong guo he yue dan de gu shi@f刘宝莱著 |
| 210 | @a北京@c五洲传播出版社@d2017 | |
| 215 | @a280页@c照片@d23cm | |
| 225 | 0 | @a“我们和你们”丛书@h第四辑 |
| 314 | @a刘宝莱 (1941-),山东章丘人,2007年至今,任中国人民外交学会理事、中国国际问题研究基金会高级研究员、外交笔会副会长等职。 | |
| 330 | @a本书的24位撰稿人(包括9位约方作者)都是中约关系发展的见证者、参与者和推动者。他们的文章记录了两国建交40年来双方在政治、经贸、历史、文化等方面的交流与合作,以及人民友好的生动史实。王毅外长和约旦外交与侨务大臣艾曼?萨法迪分别作序,两国现任大使分别撰文。 | |
| 461 | 0 | @12001 @a“我们和你们”丛书 |
| 606 | 0 | @a中外关系@x友好往来@y约旦 |
| 690 | @aD822.237.9@v5 | |
| 690 | @aD822.237@v4 | |
| 701 | 0 | @a刘宝莱@9liu bao lai@f(1941-)@4著 |
| 801 | 0 | @aCN@b91MARC@c20171222 |
| 905 | @aMuseLib@dD822.237@e184 | |
| 中国和约旦的故事/刘宝莱著.-北京:五洲传播出版社,2017 |
| 280页:照片;23cm.-(“我们和你们”丛书.第四辑) |
| ISBN 978-7-5085-3782-5:CNY56.00 |
| 本书的24位撰稿人(包括9位约方作者)都是中约关系发展的见证者、参与者和推动者。他们的文章记录了两国建交40年来双方在政治、经贸、历史、文化等方面的交流与合作,以及人民友好的生动史实。王毅外长和约旦外交与侨务大臣艾曼?萨法迪分别作序,两国现任大使分别撰文。 |
| ● |
| 相关链接 |
|
|
|
|
正题名:中国和约旦的故事
索取号:D822.237/184
 
预约/预借
| 序号 | 登录号 | 条形码 | 馆藏地/架位号 | 状态 | 备注 |
| 1 | 1107329 | 211073292 | 第一样本阅览室/ [索取号:D822.237/184] | 在馆 | |
| 2 | 1107330 | 211073309 | 教育系资料室/ [索取号:D822.237/184] | 在馆 | |
| 3 | 1107331 | 211073318 | 教育系资料室/ [索取号:D822.237/184] | 在馆 | |
| 4 | 1107332 | 211073327 | 第一借阅区/ [索取号:D822.237/184] | 在馆 |